| 000 | 00846nam a2200193 a 4500 | ||
|---|---|---|---|
| 001 | 17134565 | ||
| 008 | 161006s9999 ||||||||||||||||| || u | ||
| 010 | _a2012207331 | ||
| 050 | _aGV 1469.3 Gui | ||
| 110 | _aGuinness World Records Limited | ||
| 245 | 1 | 0 |
_aGuinness world records 2006 [edition] _cedited by Craig Glenday and others |
| 250 | _aGamer's ed. | ||
| 260 |
_aLondon _bGuinness World Records _c |
||
| 260 |
_aLondon _bGuinness World Records Limited _c |
||
| 300 | _a288, ill. | ||
| 520 | _aLists records, superlatives, and unusual facts about computer and video games, and includes interviews with champion gamers, tips on play, and profiles of the best-selling games. | ||
| 650 | 0 | _aWORLD RECORDS | |
| 995 |
_FCBU-MAIN LIBRARY (Kitwe) _M1 _UAVAILABLE _WOct 6, 2016 _ZReference Collection |
||
| 999 |
_c45194 _d45194 |
||